000 00652nam a22002177a 4500
003 UA-OsUOA
001 51710
007 ta
008 20141008b un ||||| |||| 00| 0 ukr d
090 _a082
_bЛ65
942 _cBK
040 _aUA-OsUOA
_bukr
_cUA-OsUOA
_dUA-OsUOA
245 _aЛицар Духу
_bМеморіальний збірник, присвячений професору Ярославові Дашкевичу
300 _a144 с. + 16 с. іл. с.
955 _a1
041 _aukr
080 _a082
260 _aЛьвів
_bІУАД
_c2014
650 7 _a08 Видання. Колективні праці
_2UDC
999 _c431836
_d431836